Countries with D in Their Name - Statistics

General Stats
  • This quiz has been taken 2,987 times
    2,903 since last reset
  • The average score is 39 of 50
Answer Stats
Continent Country % Correct
Europe Denmark
98%
North America Dominica
94%
Africa Djibouti
93%
North America Dominican Republic
93%
Europe Finland
89%
Europe Iceland
89%
North America Canada
88%
Africa Democratic Republic of the Congo
87%
Europe Ireland
87%
Asia Indonesia
86%
North America United States
86%
Asia India
85%
Europe United Kingdom
85%
Oceania New Zealand
84%
Europe Andorra
83%
Europe Poland
83%
Europe Sweden
83%
Europe Switzerland
82%
Africa Sudan
81%
North America Trinidad and Tobago
81%
North America Barbados
80%
South America Ecuador
80%
North America Honduras
80%
Europe Netherlands
80%
Africa South Sudan
80%
North America Antigua and Barbuda
78%
Africa Chad
78%
Oceania Marshall Islands
78%
Asia Thailand
78%
Asia United Arab Emirates
78%
North America Grenada
77%
Africa Madagascar
77%
Oceania Solomon Islands
77%
Asia Bangladesh
76%
North America El Salvador
76%
North America Saint Vincent and the Grenadines
76%
Asia Saudi Arabia
76%
Asia Cambodia
75%
Asia Jordan
72%
Europe Moldova
71%
Africa Burundi
70%
Europe North Macedonia
70%
Africa Uganda
70%
Africa Rwanda
68%
Oceania Federated States of Micronesia
67%
Asia Maldives
67%
North America Saint Kitts and Nevis
66%
Africa Cape Verde (Cabo Verde)
65%
Europe Bosnia and Herzegovina
63%
Africa São Tomé and Príncipe
54%
No matching quizzes found
Score Distribution
Percent of People with Each Score
Percentile by Number Answered
Your Score History
You have not taken this quiz since the last reset